Estudios lingüísticos del español hablado en América
Salvato in:
| Autore principale: | |
|---|---|
| Natura: | Libro |
| Lingua: | spagnolo |
| Pubblicazione: |
Madrid
Visor Libros
2009
|
| Serie: | Visor Linguística, 9
|
| Soggetti: | |
| Tags: |
Aggiungi Tag
Nessun Tag, puoi essere il primo ad aggiungerne!!
|
MARC
| LEADER | 00000nam a2200000 a 4500 | ||
|---|---|---|---|
| 001 | UCH8955 | ||
| 003 | CL-VaPUC | ||
| 008 | 091217e20090000SP |||||||||||||||||spa|d | ||
| 020 | |a 9788498950243 o.c | ||
| 082 | 0 | 4 | |a 465 |b HER |2 21 |
| 100 | |a Hernández Alonso, César |e author |9 545732 | ||
| 245 | 1 | 0 | |a Estudios lingüísticos del español hablado en América |
| 300 | |a v | ||
| 942 | |c BK | ||
| 945 | |d 20091217 00:00:00 |a rbrito | ||
| 260 | |a Madrid |b Visor Libros |c 2009 | ||
| 500 | |a v.1: La oración y sus realizaciones | ||
| 500 | |a v.2: El sintagma verbal | ||
| 500 | |a v.3.1: El sintagma nominal parte I | ||
| 500 | |a v.3.2: El sintagma nominal parte II | ||
| 650 | 0 | |a Español |9 255372 | |
| 650 | 0 | |a Gramática |9 270497 | |
| 650 | 0 | |a Gramática española |9 403055 | |
| 650 | 0 | |a Verbos |9 310738 | |
| 650 | 0 | |a Oración |9 313348 | |
| 583 | |a last modification |c 20091217 00:00:00 |k Rodrigo Vera | ||
| 490 | 0 | |a Visor Linguística, 9 | |
| 999 | |c 339034 |d 339032 | ||
| 952 | |0 0 |1 0 |4 0 |6 465_000000000000000_HER_2009 |7 0 |8 A |9 432395 |a FDOPOS |b FDOPOS |d 2019-11-22 |h v.1 |i 4625196 |o 465 HER 2009 |p 4625196 |r 2025-01-22 |w 2019-11-22 |y BK |k DLA | ||
| 952 | |0 0 |1 0 |4 0 |6 465_000000000000000_HER_2009 |7 0 |8 A |9 432396 |a FDOPOS |b FDOPOS |d 2019-11-22 |h v.2 |i 462520K |o 465 HER 2009 |p 462520K |r 2025-01-22 |w 2019-11-22 |y BK |k DLA | ||
| 952 | |0 0 |1 0 |4 0 |6 465_000000000000000_HER_2009 |7 0 |8 A |9 432397 |a FDOPOS |b FDOPOS |d 2019-11-22 |h v.3.1 |i 4625218 |o 465 HER 2009 |p 4625218 |r 2025-01-22 |w 2019-11-22 |y BK |k DLA | ||
| 952 | |0 0 |1 0 |4 0 |6 465_000000000000000_HER_2009 |7 0 |8 A |9 432398 |a FDOPOS |b FDOPOS |d 2019-11-22 |h v.3.2 |i 4625226 |o 465 HER 2009 |p 4625226 |r 2025-01-22 |w 2019-11-22 |y BK |k DLA | ||